[Event "E Chess Grand Prix 3 2022 | Knockout"]
[Site "Chess.com"]
[Date "2022.04.01"]
[Round "3"]
[White "Nakamura, Hikaru"]
[Black "Mamedyarov, Shakhriyar"]
[Result "1-0"]
[WhiteElo "2750"]
[BlackElo "2776"]
[EventDate "2022.??.??"]
[Annotator "Bojkov,Dejan"]
[PlyCount "81"]
[Beauty "7629338316838"]
[EventType "team-tourn"]
[EventCountry "FID"]

1.Nf3 Nf6 2.b3 d5 3.Bb2 c5 4.e3 {For the rapid, Nakamura chose to play the Queen’s Indian Defense with an extra tempo.} 4...Nc6 5.d4 Bg4 6.Be2 e6 7.Nbd2 cxd4 8.exd4 {It is quite tempting to follow a straightforward scheme as early as possible in rapid and blitz and this position is indeed one of those situations. White's plan is clearly to attack the kingside and his moves are more or less the same. It is Mamedyarov who needs to choose a plan in most of cases and this costs him time on the clock.} 8...Be7 9.O-O O-O 10.a3 Rc8 11.h3 Bh5 12.Bd3 Bd6 13.Re1 ( {Black did not have any problems after:} 13.Qe2 Bf4 14.Rad1 Qc7 15.Rfe1 Rfd8 16.b4 a5 17.b5 Ne7 18.Nb3 b6 {Ingebretsen,J (2309)-Xiong,J (2686) Chess.com INT 2021} ) 13...Re8 ( {There is also} 13...Qc7 $5 {but then White can react as in the game with} 14.g4 Bg6 15.Bxg6 hxg6 16.Ne5 ) 14.g4 {Kingside expansion. But White is also opening his king, indefinitely.} 14...Bg6 15.Bxg6 $146 {Only this obvious move is a novelty.} ( {Black did well in the predecessor after:} 15.Qe2 Bb8 16.Ne5 Nxe5 17.dxe5 Nd7 18.Rad1 Qh4 {Korkmaz,$146 (2101)-Musovic,A (2207) Chess.com INT 2020} ) 15...hxg6 16.Ne5 g5 {Stopping f2-f4.} ( {Mamedyarov had a couple of interesting alternatives, like} 16...Qb6 $5 {and if} 17.Ndf3 Ne4 ) ( {Or perhaps even better} 16...b5 $5 {which obstructs White's next move. Then Black should not fear} 17.f4 {due to} 17...Qb6 18.Ndf3 Ne4 $1 {and the black knights are more potent.} ) 17.c4 Nd7 {One of the many good ideas. Black does not have to worry about his position; in fact, he is the one who has more clear targets to attack.} ( 17...Bb8 $5 {was OK too.} ) ( {And if Black wanted something simpler, he could have swapped some things with} 17...dxc4 $5 18.bxc4 Bxe5 19.dxe5 Nd7 ) 18.Nd3 $1 {This knight is too good to be traded $1} 18...Nf8 $1 {And this one is to become even better $1} 19.c5 {Nakamura at least grabs some space on the queenside.} 19...Bb8 20.b4 Ng6 21.Nf3 f6 22.Qc2 Kf7 {Both kings are heavily exposed now and one mistake might be the end of the game for either side.} 23.Re2 Qc7 {Setting up a nice battery.} ( {However} 23...a6 {might have been more precise and after} 24.Rae1 Rh8 {the e6-pawn would be immune as} 25.Rxe6 $2 Rxh3 {is crushing.} ) 24.Re3 {Stepping away from the knight fork.The position is extremely tricky and both sides need to be extremely careful, but aggressive too.} ( {Nakamura most likely quickly calculated the move} 24.Nde5+ $5 {when Black has an only move} 24...Ncxe5 ( {The piece cannot be taken.} 24...fxe5 {loses to} 25.Nxg5+ Kf6 26.dxe5+ $1 Ncxe5 ( 26...Kxg5 $4 27.Bc1+ Kh4 28.Qxg6 {is mate.} ) 27.f4 $1 {and Black collapses.} ) 25.dxe5 {Perhaps White did not like} 25...Nf4 $1 {here, but this is anything but clear after} 26.Re3 Nxh3+ 27.Kf1 Nf4 28.exf6 ) 24...Rh8 {Now Mamedyarov is the first one to get to the opponent's kingside.} 25.Rae1 Kf8 {Stepping away from the checks, but this square is not optimal.} ( {Not yet} 25...Rxh3 $4 26.Nxg5+ ) ( {However} 25...Kg8 $1 {would have been more accurate as Nakamura's idea from the game} 26.Qe2 $2 {would have failed to} ( 26.b5 {is better, although Black is still in charge there.} ) 26...Rxh3 27.Rxe6 Nh4 $1 28.Re8+ Kh7 $1 ) 26.Qe2 $1 {A tricky resource $1} 26...Rxh3 {It is getting extremely messy.} ( 26...Nd8 $5 ) 27.Rxe6 ( {Not} 27.Nfe5 Rh6 $1 ) 27...Kg8 $1 {The only move.} ( {This time} 27...Nh4 $4 {loses to} 28.Re8+ Kf7 29.Qe6+ Kg6 30.Nde5+ ) 28.Re8+ Kh7 29.Re3 {A one-move threat.} 29...Kg8 30.Re8+ Kh7 31.Re3 {And a silent draw offer ...} 31...Rh6 $5 {... which is rejected by Mamedyarov $1} ( {But there was an even stronger square for the rook.} 31...Rh4 $1 {when} 32.Nxh4 $4 {is impossible due to the mate} 32...Qh2+ 33.Kf1 Qh1# ) 32.b5 Na5 {Missing an almost instant win.} ( 32...Qd7 $1 {would have won at least a pawn, as in the line} 33.Nd2 Na5 34.a4 $2 {and the white king would be severely open on the diagonals with} 34...Nc4 $1 35.Nxc4 dxc4 ) 33.Re6 Rh3 ( 33...Nc4 $5 34.Bc1 Rh3 {might have been more controlled.} ) 34.Re3 ( {Perhaps} 34.Qe3 $5 Rh6 35.Bc1 {was worth a try.} ) 34...Rh4 $1 {The second time Mamedyarov does not miss his chance and Nakamura is suddenly in trouble $1} 35.Qc2 ( {As we know} 35.Nxh4 $4 Qh2+ 36.Kf1 Qh1# ) 35...Rxg4+ 36.Kf1 {Down a pawn, and under attack, White needs to fight for his life. But look what happens in the time trouble next...} 36...Nc4 ( {Once more} 36...Qd7 $1 {would have been fabulous, when Black should be winning, for example after} 37.a4 Re4 38.Rxe4 Qh3+ $1 ) 37.Re6 $1 {The rook is eyeballing Ng6, among other things.} 37...Qd7 ( {It appears that the best way to tame the raging white pieces was} 37...Re4 $1 38.R1xe4 dxe4 39.Qxc4 ( 39.Rxe4 Qf7 ) 39...exf3 40.Ke1 {when it is anyone's game.} ) 38.c6 $1 {A powerful blow that frees an outpost for the knight $1} 38...bxc6 ( {The last chance was} 38...Qf7 $1 39.Nc5 Kh8 {getting out of the pin as soon as possible.} ) 39.Nc5 Qc7 ( {Or} 39...Qf7 40.Bc1 $3 cxb5 41.Qf5 {and White fully dominates.} ) 40.Bc1 $3 Kh6 41.Qf5 {and just like that, Nakamura's pieces magically gained superpowers and trapped the enemy pieces $1 PLAY CHESS, NOT WAR.} 1-0

[Event "The American Cup 2022"]
[Site "Chess.com"]
[Date "2022.04.20"]
[Round "1"]
[White "So, Wesley"]
[Black "Sevian, Samuel"]
[Result "0-1"]
[WhiteElo "2778"]
[BlackElo "2693"]
[EventDate "2022.??.??"]
[Annotator "Bojkov,Dejan"]
[PlyCount "72"]
[Beauty "7903297674330"]
[EventType "team-tourn"]

1.d4 Nf6 2.c4 e6 3.Nc3 Bb4 4.e3 O-O 5.Bd3 d5 6.cxd5 exd5 7.a3 Bd6 ( {The other main plan is connected with the trade after} 7...Bxc3+ 8.bxc3 c5 9.Ne2 Nc6 10.f3 Re8 11.O-O h6 12.Ra2 Qd6 13.Ng3 Bd7 14.Re2 {as in Grischuk,A (2758)-Kovalenko, I (2674) Chess.com 2022} ) 8.Qc2 c6 {Instead both players are entering the Carlsbad pawn structure, with a white dark-squared bishop behind the pawn chain.} 9.Nge2 {Without the bishop, this seems the most sensible plan for So. He is preparing a kingside attack as soon as he can.} 9...Re8 10.Bd2 Nbd7 11.f3 {Botvinnik's plan, which is best met with} 11...c5 $1 {Now the e3-e4 break is out of the question, but White can go for} 12.h4 {Or the immediate 12.0-0-0 which is a critical line as well.} 12...h5 $146 {In the spirit of the Najdorf Sicilian $1 This move will either slow down the opponent considerable, or will add rocket fuel to his attack. It was a also a novelty, played after serious thought.} ( {An earlier game saw} 12...c4 13.Bf5 Nf8 14.g4 Rb8 15.h5 h6 16.O-O-O b5 17.Rdg1 N8h7 18.f4 {when White seemed faster in Predke,A (2682) -Donchenko,A (2636) Warsaw 2021} ) 13.O-O-O a6 14.g4 $1 {Of course. In open files we trust.} 14...hxg4 15.fxg4 Nxg4 16.h5 ( {Weaker seems} 16.Rdg1 {as Black can consolidate with} 16...Ndf6 ) ( {However} 16.Nxd5 $5 {was a serious alternative when the forcing line} 16...Nf2 17.Bh7+ $1 {puts Black on the verge of the defeat. He needs first to choose the correct side with his king.} ( {Or} 17.Rhf1 $5 Nxd1 18.Qxd1 {with compensation for the material.} ) 17...Kh8 $1 ( {As} 17...Kf8 $2 {leads to a crushing attack after} 18.Rdf1 Nxh1 19.Rxf7+ Kxf7 20.Qg6+ Kf8 21.Qxd6+ ) 18.Qf5 Nxh1 19.Qh5 {Now it seems as Black is mated, but he has a beautiful defense:} 19...Nf6 20.Nxf6 Qxf6 21.Bd3+ Qh6 22.Qf3 Bg4 $3 {Somehow, this works, geometrically $1} 23.Qxg4 Nf2 {and Black takes over.} ) 16...Nf8 {Covering the vital h7- and g6- points.} ( {The machine prefers the more active} 16...Ndf6 $5 ) 17.Rdg1 {The most obvious move is not the strongest here.} ( {Better was} 17.h6 $3 {with the idea to meet} 17...Nxh6 ( 17...g6 18.Nxd5 ) 18.Rdg1 Kh8 {with} 19.e4 $1 {when Black's kingside is about to collapse at any moment.} ) 17...Nf2 18.dxc5 {Again, the most obvious move is not ideal.} ( {Correct seemed to be the caveman approach} 18.h6 $1 {when} 18...Nxh1 {does not help due to} ( {Or} 18...g6 19.Rh5 $1 {a major difference in comparison to the game.} ) 19.Bh7+ $3 Nxh7 20.Rxg7+ Kf8 21.Qxh7 Be6 22.e4 $3 {and White should get to the enemy king quickly.} ) 18...Be5 $1 {Sevian immediately grabs his chance. The bishop is omnipresent in the center.} ( {White has a huge attack in case of} 18...Nxh1 19.cxd6 Nf2 20.h6 ) ( {And} 18...Bxc5 19.Rh2 {also looks fine for So.} ) 19.h6 g6 $1 {Thank you, Nf8 $1} ( {Otherwise Black once more risks a mating attack, as in the line} 19...Nxh1 20.hxg7 Nf2 21.gxf8=Q+ Kxf8 22.Bh7 ) 20.h7+ ( {An important difference is that} 20.Rh5 Bg4 $1 {is no longer appealing for White.} ) 20...Kh8 ( {Definitely not} 20...Nxh7 $2 21.Bxg6 $1 ) 21.Rh6 ( 21.Rh5 Bg4 22.Rxe5 Rxe5 23.Be1 Nxd3+ 24.Qxd3 Bf5 25.Qd4 f6 ) 21...Bg7 22.Rh2 Ng4 $1 {Once more wonderful job by Sevian in the defense. The knight is in a hurry to get back to the center.} ( {In case of the obvious} 22...Nxd3+ 23.Qxd3 Bf5 {White would have had a brilliance at his disposal:} ( 23...Re5 $1 {however keeps Black in charge.} ) 24.Qxf5 $3 gxf5 25.Rxg7 Ne6 26.Rxf7 {and the black king is too weak and should be reached by the white pieces soon.} ) 23.Rh3 ( {In case of} 23.Rhh1 {Black can opt for} 23...Nxe3 ( {Or transpose to the line from above} 23...Nf2 ) 24.Bxe3 Rxe3 ) 23...Ne5 {The bishop was perfect on this square, but the knight is even better $1} 24.Rhg3 Ne6 25.Nf4 Nxf4 26.exf4 Nxd3+ 27.Qxd3 d4 {Black in complete control and quickly proves decisive advantage.} 28.Ne4 Qd5 29.Ng5 Qxc5+ ( 29...Bf5 $5 ) 30.Kd1 Qd5 31.Qf3 {Until...} 31...Qa2 {A slip that allows So a wonderful chance.} ( 31...Be6 $1 ) 32.Nxf7+ $3 {He grabs it $1 Everything else was quickly losing.} 32...Qxf7 33.Rxg6 d3 {It all got way too open and every mistake now is the last one. Certainly, White can commit more of those, but there was still a narrow saving path for So...} ( {Certainly not} 33...Bf6 $4 34.Rg8+ Kxh7 35.Qh1+ ) 34.Be3 {Not this one. It loses quickly after} ( {White is also mated in case of} 34.Bc3 $4 Qb3+ 35.Kd2 Qc2# ) ( {Or} 34.Rxg7 $4 Qb3+ 35.Kc1 Qc2# ) ( {However, the amazing line} 34.Qxd3 $1 Bf5 35.Rxg7 $3 {should have saved the first player, for example} 35...Qh5+ ( {Not} 35...Bxd3 $4 36.Rxf7 ) ( {Maybe} 35...Qxg7 {is a practical chance, but White should still survive after} 36.Rxg7 Bxd3 37.Rc7 Bxh7 38.Bc3+ Kg8 39.Rg7+ Kf8 40.Rxh7 ) 36.Kc1 Bxd3 37.Rc7 $3 {A whole queen up, Black needs to find the only salvation now $1} ( {Not the other order though} 37.Bc3 Qc5 $1 38.Rc7+ {due to} 38...Qxc3+ $1 ) 37...Re7 $3 38.Bc3+ ( 38.Rxe7 $2 Rc8+ 39.Bc3+ Rxc3+ 40.bxc3 Bxh7 ) 38...Kxh7 39.Rxe7+ Kh6 40.Bg7+ Kh7 {with a perpetual to follow.} ) 34...Qb3+ 35.Ke1 d2+ 36.Kf2 d1=Q ( {As} 36...d1=Q 37.Rxd1 Qc2+ ) 0-1

[Event "The American Cup 2022"]
[Site "Chess.com"]
[Date "2022.04.21"]
[Round "2"]
[White "Robson, Ray"]
[Black "Aronian, Levon"]
[Result "1-0"]
[WhiteElo "2681"]
[BlackElo "2785"]
[EventDate "2022.??.??"]
[Annotator "Bojkov,Dejan"]
[PlyCount "145"]
[Beauty "5704832285712"]
[EventType "team-tourn"]

1.c4 Nf6 2.g3 e5 3.Bg2 d5 4.cxd5 Nxd5 5.Nc3 Nb6 6.Nf3 Nc6 7.O-O Be7 {A very classical approach against the English Opening.} 8.b3 {And a move that is gaining popularity of late in turn. The double fianchetto is common for the Dragon defense (which we have with reversed colors).} ( {The main move remains} 8.d3 O-O 9.Be3 Be6 10.Rc1 Nd5 11.Nxd5 Bxd5 12.Qc2 Re8 13.a3 Qd7 {as in Carlsen,M (2863)-Nakamura,H (2736) chess24. com INT 2020} ) ( {And the other main option is} 8.a3 {which also intends to fianchetto the bishop but in a more aggressive way.} ) 8...O-O 9.Bb2 Re8 10.Rc1 Bf8 11.Ne4 {Robson is preparing Ne4-c5, d2-d4, and something more. ..} 11...a5 {Aronian in turn wants to disturb the white queenside, but he underestimates White's major point.} ( {In hindsight, Nakamura's approach seems more prudent:} 11...f6 {overprotecting the vital e5-pawn.} 12.d3 a5 13.a3 Be6 14.Nc5 Bxc5 15.Rxc5 e4 16.Ne1 Qd6 17.Qc2 a4 18.b4 Bb3 19.Qc1 exd3 20.Nxd3 Rxe2 {as in Ding,L (2791)-Nakamura,H (2736) chess24.com INT 2020} ) 12.Rxc6 $1 $146 {A standard exchange sacrifice a la Petrosian, which turns out to be a novelty $1} ( {Black did more than well after} 12.Qc2 f5 13.Nc3 e4 14.Ne1 Nd4 15.Qd1 Nc6 16.d3 e3 17.fxe3 Rxe3 18.Nb5 a4 {in the game Vakhidov,J (2552)-Mikhalevski,V (2562) Warsaw 2021} ) 12...bxc6 13.Nxe5 {For the exchange, Robson gets a powerful central pawn, and he has spoiled the opponent's pawn structure for good. More gains are inevitable.} 13...Bb7 ( {If} 13...c5 14.Qc2 {and White will slowly mount pressure against the doubled pawns.} ) 14.e3 f6 ( {Or} 14...Nd7 {when White has a pleasant choice between} 15.Nxd7 ( {And} 15.f4 ) 15...Qxd7 16.Qc2 {followed by Rf1-c1 and Bb2-d4.} ) 15.Nxc6 $1 {A second powerful blow on the c6-square $1} ( {The retreat is out of the question:} 15.Nc4 f5 16.Nc3 Qd3 {provides Black too much activity.} ) 15...Qd7 ( {In the line} 15...Bxc6 16.Nxf6+ gxf6 17.Bxc6 ( {Or} 17.Qg4+ Bg7 ) 17...Bg7 {White gets three pawns for the piece, a safer king, and a huge advantage in the pawn \"haircuts.\"} ) 16.Qc2 Nd5 ( {Still, it makes sense to opt for the line from above in a somewhat more active version after} 16...Bxc6 $1 17.Nxf6+ gxf6 18.Bxc6 Qe6 19.Bxa8 ( {To the same leads} 19.Bxe8 Rxe8 20.Qxc7 Rc8 ) 19...Rxa8 20.Qxc7 {This time White has four pawns for the piece; however, Black can show activity with} 20...Rc8 21.Qa7 Rc2 22.Bd4 Nd5 23.Qxa5 Nb4 {and although White is obviously in the driver's seat, Black has at least practical chances.} ) 17.Rc1 a4 18.bxa4 $1 {It is not just the pawn; Robson is gaining access to the light squares.} 18...Re6 {Aronian keeps trying to get rid of the annoying knight and misses one last tactic on the long diagonal.} ( {He should have moved the king out of the way instead with} 18...Kh8 $1 {and then a possible line would have been} 19.a5 Bxc6 20.Qxc6 Qxc6 21.Rxc6 Rxa5 22.Nc3 Nxc3 23.Bxc3 Rxa2 24.Rxc7 {when White has all the fun, but maybe Black can hope to hold on the one flank.} ) 19.Qb3 $3 {Power blow $1 The X-raying against the black king decides $1} 19...Rxc6 ( {The skewers work in case of} 19...Bxc6 20.Nxf6+ $1 Rxf6 21.Rxc6 $1 Rxc6 22.Qxd5+ Qxd5 23.Bxd5+ ) 20.Nxf6+ $1 {The point.} ( {Although White already has a pleasant alternative:} 20.Qxb7 Rxc1+ 21.Bxc1 Nb6 22.Nc3 ) 20...Rxf6 21.Qxb7 Ra5 22.Bxf6 Nxf6 23.Qb3+ {The safest.} ( {Another good idea is} 23.Rxc7 Qxa4 24.Rc8 ) 23...Kh8 24.Qb8 Qd6 25.Rc6 Qb4 26.Qxb4 Bxb4 27.Rxc7 {For the piece, Robson has five pawns this time $1} 27...h5 ( {There is no time to regain material with} 27...Bxd2 {due to} 28.Rc8+ Ng8 29.Rd8 {followed by Bg2-d5.} ) 28.d4 h4 ( {Neither is} 28...Rxa4 {possible, due to the other pin} 29.Rc4 ) 29.gxh4 $1 {What a principled man Robson is $1 He takes every single pawn he sees, regardless of how they look. Now there are six of them for the piece, quite a unique situation.} 29...Kh7 30.Rc4 Be7 31.Bf3 Ra7 32.e4 Nd7 33.h5 {This is why this one was taken; it now starts to bother the black king.} 33...Nb6 34.Rc6 Bd8 ( {Or} 34...Nxa4 35.e5 {and the black king is in trouble.} ) ( {Whereas} 34...Rxa4 35.Rxb6 Rxd4 {is indeed an opposite-colored bishop endgame, but without drawing chances for Black.} ) 35.Bd1 Rc7 ( {Nothing changes} 35...Nxa4 36.Bb3 ) 36.Rxc7 Bxc7 {Without the rooks on board, it is time for the white king to perform his part.} 37.Kg2 Kh6 38.e5 Nd5 39.Kf3 Nc3 40.Bb3 {Nicely limiting the knight.} 40...Kxh5 41.e6 Bd6 42.Ke3 Kg6 43.Kd3 Nb1 44.a5 Na3 45.Ba4 Kf6 46.a6 Bb8 47.d5 g5 48.h3 {A very safe approach. None of the white pawns will be within the reach of the black bishop.} ( {There is also the direct} 48.Kc3 g4 49.Kb4 Bd6+ 50.Kb3 Bc5 51.a7 ) 48...Ba7 49.f3 Ke7 50.Bc6 Bb6 51.Bd7 Ba7 52.Ba4 Bb6 {Time for his majesty to show strength.} 53.Kc3 Nb1+ 54.Kc2 Na3+ 55.Kc3 Nb1+ 56.Kb4 Kd6 {For a moment, it seems as Aronian has built a fortress.} 57.e7 $1 {Nope, it cracks.} 57...Kxe7 58.Kb5 Be3 59.Kc6 Nc3 60.Bb3 ( {Or} 60.d6+ Kd8 61.Bb3 ) 60...Kd8 61.a4 Kc8 62.d6 Bf2 63.Bc2 Be3 64.Bb3 Bf2 65.a5 Kd8 66.Bc4 Na4 {The last try to stop the king.} ( {As} 66...Kc8 67.d7+ Kd8 68.Kb7 Kxd7 69.a7 {wins easily for White.} ) 67.f4 $1 {There are just way too many passers $1} 67...gxf4 68.h4 Nc3 69.h5 Ne4 70.h6 Nf6 71.Bd3 Kc8 72.h7 Nxh7 73.d7+ ( 73.d7+ Kd8 74.Bxh7 {followed by Kc6-b7 would win the bishop and the game.} ) 1-0